[Event "Rated Blitz game"]
[Site "?"]
[Date "2021.07.01"]
[Round "?"]
[White "jshutzman"]
[Black "batasjon"]
[Result "0-1"]
[WhiteElo "2510"]
[BlackElo "2366"]
[PlyCount "74"]
[EventDate "2021.??.??"]
[EventType "blitz"]

1. e4 e5 2. Nf3 d5 3. exd5 e4 4. Qe2 Nf6 5. d3 Qxd5 6. Nc3 Bb4 7. Bd2 Bxc3 8.
Bxc3 O-O 9. Bxf6 exf3 10. Qe4 Qxe4+ 11. dxe4 fxg2 12. Bxg2 gxf6 13. O-O-O Re8
14. f4 Nc6 15. f5 Ne5 16. Rhg1 Kf8 17. Bf1 Bd7 18. Rg3 Bc6 19. Bg2 Rad8 20. Re1
Ke7 21. Rh3 Rg8 22. Bh1 Rg7 23. b3 Rdg8 24. Kb2 Rg1 25. Rhe3 R8g4 26. Rxg1 Rxg1
27. Bf3 Nxf3 28. Rxf3 h5 29. Rh3 Rg5 30. Re3 Kd6 31. Kc3 Ke5 32. Kd3 Rg4 33.
Rh3 h4 34. c4 Bxe4+ 35. Kc3 Bxf5 36. Re3+ Re4 37. Rh3 Bxh3 {Normal} 0-1

[Event "Rated Blitz tournament y4o48FtA"]
[Site "?"]
[Date "2021.07.01"]
[Round "?"]
[White "kaloczajunky"]
[Black "cuerosky"]
[Result "1-0"]
[WhiteElo "2475"]
[BlackElo "2250"]
[PlyCount "105"]
[EventDate "2021.??.??"]
[EventType "blitz"]

1. e4 e5 2. Nf3 d5 3. Nxe5 Bd6 4. d4 dxe4 5. Nc3 Bxe5 6. dxe5 Qxd1+ 7. Nxd1 Nc6
8. Bf4 Nge7 9. Bb5 Bd7 10. Bxc6 Bxc6 11. h4 h5 12. Ne3 Ng6 13. Bg3 O-O 14. e6
fxe6 15. O-O-O Rf7 16. Rd4 e5 17. Rd2 Nf4 18. Rhd1 Raf8 19. b3 b5 20. Kb2 a5
21. Rd8 Rxd8 22. Rxd8+ Rf8 23. Rd2 Kf7 24. a3 Ke6 25. Kc3 Bb7 26. a4 bxa4 27.
bxa4 Nd5+ 28. Kc4 Rd8 29. Kc5 Rd6 30. Nc4 Rc6+ 31. Kb5 Nb4 32. Nxa5 Rxc2 33.
Kxb4 Rxd2 34. Nxb7 e3 35. Nc5+ Kd5 36. fxe3 Rxg2 37. Be1 Re2 38. Bc3 Rxe3 39.
Nd7 e4 40. a5 Re2 41. Bxg7 Ra2 42. Nf6+ Ke5 43. Nxh5+ Kd5 44. Nf6+ Ke5 45. h5
e3 46. Ng4+ Kf4 47. Nxe3 Kxe3 48. h6 c5+ 49. Kb5 c4 50. h7 Rh2 51. h8=Q Rxh8
52. Bxh8 c3 53. Bxc3 {Normal} 1-0

[Event "Rated Blitz game"]
[Site "?"]
[Date "2021.07.01"]
[Round "?"]
[White "OlegL"]
[Black "batasjon"]
[Result "1/2-1/2"]
[WhiteElo "2400"]
[BlackElo "2365"]
[PlyCount "56"]
[EventDate "2021.??.??"]
[EventType "blitz"]

1. e4 e5 2. Nf3 d5 3. Nc3 dxe4 4. Nxe4 f5 5. Nc3 e4 6. Ng1 Nf6 7. d3 Bb4 8. Bd2
O-O 9. Be2 Nc6 10. Nh3 Nd4 11. O-O Nxe2+ 12. Nxe2 exd3 13. Bxb4 dxe2 14. Qxe2
Re8 15. Qc4+ Be6 16. Qb5 a6 17. Qa4 h6 18. Rad1 Qc8 19. Rfe1 c5 20. Bc3 Ne4 21.
Nf4 Bf7 22. Qa5 g5 23. Nd3 Qc6 24. f3 b6 25. Qa3 Nxc3 26. Qxc3 Rxe1+ 27. Rxe1
Re8 28. Rxe8+ Qxe8 {Normal} 1/2-1/2

[Event "Rated Blitz game"]
[Site "?"]
[Date "2021.07.01"]
[Round "?"]
[White "WenlanLaritaTemple"]
[Black "Tristan2020"]
[Result "1-0"]
[WhiteElo "2416"]
[BlackElo "2360"]
[PlyCount "43"]
[EventDate "2021.??.??"]
[EventType "blitz"]

1. e4 e5 2. Nf3 d5 3. exd5 e4 4. Nd4 Bc5 5. Nb3 Bb6 6. Nc3 Nf6 7. d4 exd3 8.
Qxd3 Bg4 9. Bg5 O-O 10. Be2 Re8 11. f3 Bh5 12. O-O-O Bg6 13. Ne4 Nbd7 14. h4 a5
15. h5 Bf5 16. g4 a4 17. Nd4 Ne5 18. Nxf6+ Qxf6 19. Qxf5 Bxd4 20. Bxf6 a3 21.
Rxd4 axb2+ 22. Kb1 {Normal} 1-0

[Event "Rated Blitz game"]
[Site "?"]
[Date "2021.07.01"]
[Round "?"]
[White "mopolomolo"]
[Black "pasha1984"]
[Result "0-1"]
[WhiteElo "2412"]
[BlackElo "2392"]
[PlyCount "30"]
[EventDate "2021.??.??"]
[EventType "blitz"]

1. e4 e5 2. Nf3 d5 3. Nxe5 dxe4 4. d4 Bd6 5. Nc3 Bxe5 6. dxe5 Qxd1+ 7. Kxd1 Bf5
8. Bf4 Nc6 9. Bb5 O-O-O+ 10. Kc1 Nge7 11. h3 Ng6 12. Bxc6 Nxf4 13. Bxe4 Bxe4
14. Nxe4 Rhe8 15. Rg1 Ne2+ {Normal} 0-1

[Event "Rated Blitz game"]
[Site "?"]
[Date "2021.07.01"]
[Round "?"]
[White "ljdr"]
[Black "batasjon"]
[Result "0-1"]
[WhiteElo "2501"]
[BlackElo "2377"]
[PlyCount "98"]
[EventDate "2021.??.??"]
[EventType "blitz"]

1. e4 e5 2. Nf3 d5 3. exd5 e4 4. Qe2 Nf6 5. d3 Qxd5 6. Nbd2 Nc6 7. Nxe4 Be6 8.
Nxf6+ gxf6 9. Qe4 Qxe4+ 10. dxe4 Nb4 11. Bd3 O-O-O 12. Ke2 Rg8 13. g3 Bg7 14.
a3 Nxd3 15. cxd3 Rge8 16. Nh4 f5 17. f3 fxe4 18. dxe4 f5 19. Bg5 Rd7 20. exf5
Bxf5+ 21. Be3 Bd3+ 22. Kf2 Bxb2 23. Rad1 c5 24. Bxc5 Re2+ 25. Kg1 b6 26. Bf2
Bxa3 27. Ng2 a5 28. Nf4 Rxf2 29. Kxf2 Bc5+ 30. Kg2 Bb5 31. Rxd7 Bxd7 32. Re1 a4
33. Nd3 Bd6 34. Ne5 Be8 35. Nc4 Bc5 36. Rxe8+ Kd7 37. Ra8 b5 38. Ne5+ Kd6 39.
Nd3 Ba3 40. Rb8 Kc6 41. f4 Bd6 42. Rc8+ Kd5 43. Rb8 Kc4 44. Rd8 Be7 45. Ne5+
Kb3 46. Rc8 a3 47. Nc6 a2 48. Nd4+ Kb2 49. Nc2 Bd6 {Time forfeit} 0-1

[Event "Rated Blitz tournament Hef7paqt"]
[Site "?"]
[Date "2021.07.01"]
[Round "?"]
[White "antonio_luz"]
[Black "Armament_Haki"]
[Result "0-1"]
[WhiteElo "2309"]
[BlackElo "2536"]
[PlyCount "88"]
[EventDate "2021.??.??"]
[EventType "blitz"]

1. e4 e5 2. Nf3 d5 3. exd5 e4 4. Qe2 Nf6 5. d3 Be7 6. dxe4 O-O 7. Qd3 Re8 8.
Be2 Bc5 9. Nbd2 Nxe4 10. Nxe4 Bf5 11. Nfd2 Nd7 12. O-O Bb6 13. Bf3 Ne5 14. Qb3
Nxf3+ 15. Qxf3 Bg6 16. Ng3 Bxc2 17. Nc4 Bc5 18. Be3 Bf8 19. Rac1 Bg6 20. Bf4
Rc8 21. Rfd1 f6 22. h3 Kh8 23. Na5 b6 24. Nc6 Qd7 25. Nxa7 Ra8 26. Rxc7 Qa4 27.
Nc6 Bc5 28. a3 Qc2 29. Rd2 Qc1+ 30. Kh2 Bd6 31. Bxd6 Qxd2 32. Ne7 Rad8 33. Bb4
Qd4 34. Nxg6+ hxg6 35. d6 Qe5 36. Re7 Qxb2 37. Qc6 Rg8 38. Qd7 Rxd7 39. Rxd7
Qxf2 40. Re7 Rd8 41. d7 Kh7 42. Rf7 Qd4 43. Bf8 Rxd7 44. Be7 Qd5 {Time forfeit}
0-1

[Event "Rated Blitz tournament y4o48FtA"]
[Site "?"]
[Date "2021.07.01"]
[Round "?"]
[White "kaloczajunky"]
[Black "cuerosky"]
[Result "1-0"]
[WhiteElo "2468"]
[BlackElo "2241"]
[PlyCount "81"]
[EventDate "2021.??.??"]
[EventType "blitz"]

1. e4 e5 2. Nf3 d5 3. Nxe5 Bd6 4. d4 dxe4 5. Nc3 Bxe5 6. dxe5 Qxd1+ 7. Nxd1 Nc6
8. Bb5 Bd7 9. Bxc6 Bxc6 10. Bf4 Ne7 11. Ne3 Ng6 12. Bg3 h5 13. h4 O-O-O 14. Ke2
Rhe8 15. Nf5 Nxe5 16. Nxg7 Bb5+ 17. Ke1 Re7 18. Nxh5 Nc4 19. b3 Na3 20. Rc1 e3
21. c4 Bc6 22. f3 Rd2 23. Nf4 Rxa2 24. h5 Nc2+ 25. Kf1 e2+ 26. Nxe2 Ne3+ 27.
Kf2 Nf5 28. Rce1 Nd4 29. h6 Nxe2 30. h7 Nf4+ 31. Kf1 Rxe1+ 32. Bxe1 Ng6 33. Rh6
Nh8 34. Bc3 f6 35. Bxf6 Nf7 36. Rg6 Rd2 37. Rg7 Nh8 38. Rg8+ Kd7 39. Rxh8 b5
40. Rd8+ Ke6 41. Rxd2 {Normal} 1-0

[Event "Rated Blitz game"]
[Site "?"]
[Date "2021.07.01"]
[Round "?"]
[White "Jano83"]
[Black "roger100"]
[Result "1-0"]
[WhiteElo "2413"]
[BlackElo "2388"]
[PlyCount "33"]
[EventDate "2021.??.??"]
[EventType "blitz"]

1. e4 e5 2. Nf3 d5 3. Nxe5 Nf6 4. d4 Nc6 5. Nxc6 bxc6 6. e5 Ne4 7. Nd2 Bf5 8.
Bd3 Be7 9. O-O O-O 10. f3 c5 11. fxe4 dxe4 12. Nxe4 Qxd4+ 13. Nf2 Be6 14. Qe2
c4 15. Be4 Bc5 16. c3 Qd7 17. Bxa8 {Normal} 1-0

[Event "Rated Blitz tournament Zr0mW2bq"]
[Site "?"]
[Date "2021.07.01"]
[Round "?"]
[White "Olvidaloo"]
[Black "CalypsoChess"]
[Result "1-0"]
[WhiteElo "2417"]
[BlackElo "2247"]
[PlyCount "87"]
[EventDate "2021.??.??"]
[EventType "blitz"]

1. e4 e5 2. Nf3 d5 3. exd5 Bd6 4. d4 e4 5. Nfd2 Nf6 6. c4 c5 7. dxc6 Nxc6 8.
Nb3 O-O 9. Be2 a5 10. Be3 a4 11. N3d2 Ra5 12. Nc3 Bb8 13. Ncxe4 Nxe4 14. Nxe4
Re8 15. Ng3 Rxe3 16. fxe3 Qg5 17. Qd2 Bxg3+ 18. hxg3 Qxg3+ 19. Kd1 Qxg2 20. Re1
Bf5 21. d5 Ra8 22. dxc6 bxc6 23. Bd3 Qg4+ 24. Qe2 Qg5 25. e4 Bg4 26. Kc2 Bxe2
27. Rxe2 Qa5 28. Rf1 a3 29. b3 Qe5 30. Kb1 Rd8 31. Rf3 Qc3 32. Rc2 Qe5 33. b4
f6 34. c5 h6 35. Bc4+ Kh7 36. Rd3 Rxd3 37. Bxd3 Qd4 38. Rd2 Qc3 39. e5+ Kh8 40.
Rc2 Qxd3 41. Kc1 Qe3+ 42. Kd1 Qxe5 43. Rd2 Qa1+ 44. Ke2 {Time forfeit} 1-0

[Event "Rated Blitz tournament GjN9weRU"]
[Site "?"]
[Date "2021.07.01"]
[Round "?"]
[White "cesar_r826"]
[Black "Maltinho"]
[Result "1-0"]
[WhiteElo "2528"]
[BlackElo "2557"]
[PlyCount "53"]
[EventDate "2021.??.??"]
[EventType "blitz"]

1. e4 e5 2. Nf3 d5 3. Nxe5 Bd6 4. d4 dxe4 5. Nc4 Nf6 6. Nc3 Nc6 7. Bg5 Bf5 8.
Qd2 h6 9. Bh4 Qe7 10. O-O-O Bb4 11. a3 Bd6 12. Nd5 Qe6 13. Nxf6+ gxf6 14. d5
Qe7 15. Nxd6+ Qxd6 16. dxc6 Qxc6 17. Qd4 e3 18. Bb5 Qxb5 19. Bxf6 O-O 20. Qf4
Qe2 21. Kb1 Kh7 22. Qxf5+ Kg8 23. Qh3 h5 24. f3 Rfd8 25. Qg3+ Kf8 26. Qg7+ Ke8
27. Qg8# {Normal} 1-0

[Event "Rated Blitz tournament nEmEhrMi"]
[Site "?"]
[Date "2021.07.01"]
[Round "?"]
[White "Om-nom-nom"]
[Black "gmmds2694"]
[Result "0-1"]
[WhiteElo "2330"]
[BlackElo "2602"]
[PlyCount "30"]
[EventDate "2021.??.??"]
[EventType "blitz"]

1. e4 e5 2. Nf3 d5 3. Nxe5 Bd6 4. d4 dxe4 5. Bc4 Bxe5 6. dxe5 Qxd1+ 7. Kxd1 Nc6
8. Bf4 Nge7 9. e6 Bxe6 10. Bxe6 fxe6 11. Bxc7 e5 12. Nd2 Kd7 13. Nxe4 Kxc7 14.
c3 Rad8+ 15. Kc2 Rd5 {Normal} 0-1

[Event "Rated Blitz tournament NlZeZFEG"]
[Site "?"]
[Date "2021.07.01"]
[Round "?"]
[White "amzbkd"]
[Black "om_gendut"]
[Result "0-1"]
[WhiteElo "2381"]
[BlackElo "2454"]
[PlyCount "20"]
[EventDate "2021.??.??"]
[EventType "blitz"]

1. e4 e5 2. Nf3 d5 3. exd5 e4 4. Qe2 Be7 5. Qxe4 Nf6 6. Qf4 Nxd5 7. Qg3 O-O 8.
Be2 Bf5 9. d3 Re8 10. O-O Bd6 {Normal} 0-1

[Event "Rated Blitz tournament V5RUfSg6"]
[Site "?"]
[Date "2021.07.01"]
[Round "?"]
[White "Russian_monster"]
[Black "Lur15"]
[Result "0-1"]
[WhiteElo "2731"]
[BlackElo "2313"]
[PlyCount "150"]
[EventDate "2021.??.??"]
[EventType "blitz"]

1. e4 e5 2. Nf3 d5 3. Nxe5 Bd6 4. d4 dxe4 5. Nc4 Nf6 6. Nc3 O-O 7. Bg5 Re8 8.
Ne3 Be7 9. Be2 Nc6 10. d5 Nxd5 11. Bxe7 Ndxe7 12. Qxd8 Rxd8 13. Nxe4 Bf5 14.
Nxf5 Nxf5 15. c3 Re8 16. f3 Rad8 17. Kf2 Nd6 18. Nxd6 Rxd6 19. Rad1 Red8 20.
Rxd6 Rxd6 21. Rd1 Rxd1 22. Bxd1 Kf8 23. Ke3 Ke7 24. Ke4 f6 25. b4 Ne5 26. Bb3
Kd6 27. a4 c5 28. Bd5 cxb4 29. cxb4 b6 30. f4 Ng6 31. Bg8 h6 32. Ke3 Ne7 33.
Bc4 Nf5+ 34. Kd3 Nh4 35. g3 Nf5 36. h4 Nxg3 37. a5 bxa5 38. bxa5 Nf5 39. h5 Ng3
40. Bf7 Ke7 41. Bg6 f5 42. Ke3 Kf6 43. Kf3 Ne4 44. Be8 Nd6 45. Bc6 Nf7 46. a6
g5 47. Bb7 g4+ 48. Kg3 Nd6 49. Kh4 Ne8 50. Bg2 Ng7 51. Bb7 Ke7 52. Bc8 Kd6 53.
Bb7 Kc5 54. Bc8 Kd4 55. Bxf5 Nxf5+ 56. Kxg4 Ke4 57. Kh3 Kxf4 58. Kg2 Kg5 59.
Kh2 Kxh5 60. Kg2 Kg4 61. Kf2 h5 62. Kg2 h4 63. Kh1 Kg3 64. Kg1 Nd4 65. Kh1 Nc6
66. Kg1 Nb4 67. Kh1 Nxa6 68. Kg1 Nb4 69. Kh1 a5 70. Kg1 a4 71. Kh1 a3 72. Kg1
a2 73. Kf1 a1=Q+ 74. Ke2 Qd4 75. Kf1 Qf2# {Normal} 0-1

[Event "Rated Blitz tournament emFROqWz"]
[Site "?"]
[Date "2021.07.01"]
[Round "?"]
[White "Kondor75"]
[Black "Fantastic_power06"]
[Result "1-0"]
[WhiteElo "2417"]
[BlackElo "2671"]
[PlyCount "141"]
[EventDate "2021.??.??"]
[EventType "blitz"]

1. e4 e5 2. Nf3 d5 3. Nxe5 Bd6 4. d4 dxe4 5. Nc3 Bxe5 6. dxe5 Qxd1+ 7. Nxd1 Nc6
8. Bb5 Bd7 9. Bxc6 Bxc6 10. Nc3 Ne7 11. Bf4 h5 12. h4 Ng6 13. Bg3 O-O-O 14. O-O
Rhe8 15. Rfe1 Nxe5 16. Nxe4 f6 17. b3 Ng4 18. Nc5 b6 19. Nd3 Bb5 20. Nf4 Rxe1+
21. Rxe1 Rd2 22. c4 Bd7 23. Nxh5 g6 24. Nf4 g5 25. Nd5 gxh4 26. Bxh4 Rxa2 27.
Nxf6 Nxf6 28. Bxf6 a5 29. f3 Ra3 30. Rb1 a4 31. bxa4 Rxa4 32. Rc1 Be6 33. c5 b5
34. c6 Ra6 35. g4 Bd5 36. Kf2 b4 37. g5 Rxc6 38. Rxc6 Bxc6 39. Ke3 b3 40. f4
Bd7 41. Ke4 c5 42. f5 Bc6+ 43. Kf4 Kd7 44. g6 Ke8 45. Kg5 Be4 46. Bc3 Kf8 47.
f6 Bd5 48. Kf5 Kg8 49. Ke5 Bc4 50. Kd6 Kf8 51. Kxc5 Bd3 52. g7+ Kf7 53. Kb4 Kg8
54. Kxb3 Bg6 55. Kb4 Bf7 56. Kc5 Be8 57. Kd6 Bf7 58. Ke7 Bg6 59. Ke6 Bf7+ 60.
Kf5 Bh5 61. Kg5 Bf7 62. Kf4 Be8 63. Bb2 Bf7 64. Kf5 Be8 65. Ke5 Bf7 66. Kd6 Bh5
67. Kd7 Bf7 68. Ke7 Bh5 69. Ke6 Bf7+ 70. Kf5 Bg6+ 71. Ke6 {Time forfeit} 1-0

[Event "Rated Blitz tournament nEmEhrMi"]
[Site "?"]
[Date "2021.07.01"]
[Round "?"]
[White "MohammadRHMN0"]
[Black "gmmds2694"]
[Result "0-1"]
[WhiteElo "2221"]
[BlackElo "2596"]
[PlyCount "94"]
[EventDate "2021.??.??"]
[EventType "blitz"]

1. e4 e5 2. Nf3 d5 3. c3 dxe4 4. Qa4+ c6 5. Qxe4 Nf6 6. Qxe5+ Be7 7. d4 O-O 8.
Be2 Re8 9. Be3 Ng4 10. Qg3 Bd6 11. Qh4 Qxh4 12. Nxh4 Nxe3 13. fxe3 Rxe3 14. Nf3
Bf5 15. Kf2 Re7 16. Nbd2 Nd7 17. g3 Nf6 18. Nh4 Bh3 19. Rhe1 Rae8 20. Bf3 g5
21. Rxe7 Rxe7 22. Ng2 h5 23. Re1 Kg7 24. Rxe7 Bxe7 25. Be2 Ng4+ 26. Bxg4 Bxg4
27. Ne3 Be6 28. b3 f5 29. Nf3 Kf6 30. Ne5 Bd6 31. N3c4 Bc7 32. Nd3 h4 33. Ne3
h3 34. c4 Bf7 35. d5 cxd5 36. Nxd5+ Bxd5 37. cxd5 Bd6 38. b4 g4 39. a4 Kg5 40.
b5 b6 41. Kg1 f4 42. gxf4+ Kf5 43. Kf2 Ke4 44. Ke2 Kxd5 45. f5 Bxh2 46. f6 Ke6
47. Ke3 Bd6 {Time forfeit} 0-1

[Event "Rated Blitz game"]
[Site "?"]
[Date "2021.07.01"]
[Round "?"]
[White "Alya_BudiCM"]
[Black "batasjon"]
[Result "1-0"]
[WhiteElo "2446"]
[BlackElo "2370"]
[PlyCount "77"]
[EventDate "2021.??.??"]
[EventType "blitz"]

1. e4 e5 2. Nf3 d5 3. exd5 e4 4. Qe2 Nf6 5. Nc3 Be7 6. Nxe4 O-O 7. d3 Re8 8. c4
Bf5 9. Nd4 Bb4+ 10. Bd2 Bxe4 11. dxe4 Rxe4 12. Bxb4 Rxe2+ 13. Bxe2 c5 14. Bxc5
Nbd7 15. Bb4 Qb6 16. Bc3 Ne4 17. O-O Nxc3 18. bxc3 Qb2 19. Rfc1 Re8 20. Bf1 Nc5
21. Rab1 Qd2 22. Rc2 Qg5 23. g3 h5 24. h4 Qg6 25. Rd1 b6 26. Rcd2 Ne4 27. Bd3
f5 28. Re2 Rf8 29. Nxf5 Qxf5 30. Bxe4 Qg4 31. Rde1 Qc8 32. Kg2 Qxc4 33. d6 Qb5
34. Rd2 Rd8 35. c4 Qd7 36. Bg6 Kf8 37. Re7 Qxd6 38. Rxd6 Rxd6 39. Re8# {Normal}
1-0

[Event "Rated Blitz game"]
[Site "?"]
[Date "2021.07.01"]
[Round "?"]
[White "Aragiotto"]
[Black "KinzyabulatovRenat"]
[Result "1-0"]
[WhiteElo "2497"]
[BlackElo "2452"]
[PlyCount "73"]
[EventDate "2021.??.??"]
[EventType "blitz"]

1. e4 e5 2. Nf3 d5 3. Nxe5 Bd6 4. d4 dxe4 5. Nc4 Be7 6. Bf4 Nf6 7. Nc3 O-O 8.
Qd2 Nc6 9. O-O-O Nb4 10. d5 Bg4 11. Be2 Bxe2 12. Qxe2 Nbxd5 13. Nxd5 Nxd5 14.
Qxe4 c6 15. Ne3 Nf6 16. Rxd8 Nxe4 17. Rd7 Rfe8 18. Rxb7 Nxf2 19. Rf1 Ne4 20.
Rc7 Bg5 21. Rxc6 Bxf4 22. Rxf4 Nf6 23. Rf3 Re4 24. b3 Rae8 25. Nf5 Nd5 26. Nd6
Re1+ 27. Kb2 Rf8 28. Nxf7 h6 29. Nd6 Rxf3 30. gxf3 Re2 31. a4 Nb4 32. Rc8+ Kh7
33. Rc4 Nd5 34. a5 Rxh2 35. Rc5 Nb4 36. Ne4 Re2 37. Ka3 {Time forfeit} 1-0

[Event "Rated Blitz game"]
[Site "?"]
[Date "2021.07.01"]
[Round "?"]
[White "alphanegative"]
[Black "Armament_Haki"]
[Result "0-1"]
[WhiteElo "2512"]
[BlackElo "2512"]
[PlyCount "72"]
[EventDate "2021.??.??"]
[EventType "blitz"]

1. e4 e5 2. Nf3 d5 3. d4 dxe4 4. Nxe5 Nd7 5. Bf4 Nxe5 6. Bxe5 Nf6 7. Nc3 Bf5 8.
Bc4 Bd6 9. Qe2 O-O 10. O-O-O Re8 11. h3 Qe7 12. g4 Bg6 13. h4 h6 14. g5 hxg5
15. hxg5 Nh7 16. f4 exf3 17. Qxf3 Bxe5 18. dxe5 Qxg5+ 19. Kb1 Qxe5 20. Bxf7+
Bxf7 21. Rxh7 Kxh7 22. Qxf7 Re6 23. a3 Rh6 24. Rd7 Rg6 25. Rxc7 Re8 26. Rxb7
Qe1+ 27. Ka2 Qe6+ 28. Qxe6 Rgxe6 29. Nd5 Kh6 30. Rxa7 g5 31. c4 Rc8 32. Kb3 g4
33. Ne7 Rf8 34. Rd7 Rf7 35. Ng8+ Kg7 36. Rd4 Rg6 {Normal} 0-1

[Event "Rated Blitz tournament 2J5NcuXp"]
[Site "?"]
[Date "2021.07.01"]
[Round "?"]
[White "emptybrain"]
[Black "Schachelite"]
[Result "1/2-1/2"]
[WhiteElo "2497"]
[BlackElo "2450"]
[PlyCount "138"]
[EventDate "2021.??.??"]
[EventType "blitz"]

1. e4 e5 2. Nf3 d5 3. exd5 e4 4. Qe2 Nf6 5. d3 Qxd5 6. dxe4 Qxe4 7. Be3 Nc6 8.
Nbd2 Qa4 9. Qc4 Qxc4 10. Bxc4 Bd6 11. O-O O-O 12. c3 Ne5 13. Nxe5 Bxe5 14. Rfe1
Rd8 15. Rad1 Bg4 16. f3 Bh5 17. Bg5 Bd6 18. Bxf6 gxf6 19. Ne4 Be5 20. Kf2 Bg6
21. g3 Bxe4 22. fxe4 c6 23. Kf3 Kg7 24. a4 a6 25. a5 Bc7 26. b4 Be5 27. Rxd8
Rxd8 28. Re3 Rd2 29. Be2 Rc2 30. c4 Rb2 31. b5 cxb5 32. cxb5 axb5 33. Rd3 Ra2
34. Rd7 Ra3+ 35. Kg4 Rxa5 36. Rxb7 Ra4 37. Kf5 Ra2 38. Bxb5 Rxh2 39. Bc4 Rf2+
40. Kg4 Rg2 41. Rxf7+ Kg6 42. Rf8 Rxg3+ 43. Kh4 Rc3 44. Be6 Kg7 45. Rf7+ Kg6
46. Rf8 Rc7 47. Rg8+ Kh6 48. Bf5 Rc1 49. Rf8 Rh1+ 50. Kg4 Rg1+ 51. Kf3 Rg3+ 52.
Kf2 Kg7 53. Rd8 h5 54. Rd7+ Kh6 55. Rh7+ Kg5 56. Rg7+ Kh4 57. Rxg3 Bxg3+ 58.
Kg2 Be5 59. Bg6 Kg5 60. Bf5 h4 61. Bh7 Kg4 62. Bf5+ Kf4 63. Kh3 Kg5 64. Bh7 Bg3
65. Bf5 Kf4 66. Bh7 Ke5 67. Bf5 Kf4 68. Bg6 Kg5 69. Bf5 Kf4 {Normal} 1/2-1/2

[Event "Rated Blitz tournament 9ZwZj5nU"]
[Site "?"]
[Date "2021.07.01"]
[Round "?"]
[White "Pmad1995"]
[Black "olarovfan"]
[Result "0-1"]
[WhiteElo "2267"]
[BlackElo "2566"]
[PlyCount "112"]
[EventDate "2021.??.??"]
[EventType "blitz"]

1. e4 e5 2. Nf3 d5 3. exd5 e4 4. Ng1 Qxd5 5. Nc3 Qe5 6. Qe2 Nf6 7. d3 Bb4 8.
dxe4 Qxe4 9. Qxe4+ Nxe4 10. Bd2 Nxd2 11. Kxd2 Nc6 12. a3 Ba5 13. b4 Bb6 14. Nd5
Be6 15. Nxb6 axb6 16. Nf3 Nxb4 17. Bb5+ Nc6 18. Nd4 O-O-O 19. Bxc6 Rxd4+ 20.
Ke3 Rc4 21. Be4 Re8 22. Bd3 Bf5+ 23. Kd2 Rd8 24. Rhe1 Rf4 25. f3 Rfd4 26. Re3
Bxd3 27. Rxd3 Rxd3+ 28. cxd3 c5 29. Kc3 b5 30. Re1 Kd7 31. Re5 Kd6 32. Rh5 h6
33. Rf5 f6 34. Rf4 Ra8 35. Kb2 Re8 36. Kc3 Re2 37. Rg4 g5 38. h4 h5 39. Rg3
gxh4 40. Rh3 Rxg2 41. Rxh4 Rg5 42. Rf4 Ke6 43. Rh4 Rf5 44. f4 Rd5 45. Rh3 b6
46. Rh1 Rd4 47. Rh4 Rd5 48. Rh3 Rf5 49. Rh4 Kd5 50. Kc2 c4 51. Kd2 Kd4 52. Kc2
cxd3+ 53. Kd2 Ke4 54. Rh3 Rxf4 55. Re3+ Kf5 56. Rxd3 Ke5 {Time forfeit} 0-1

[Event "Rated Blitz game"]
[Site "?"]
[Date "2021.07.01"]
[Round "?"]
[White "DrinkAndStay"]
[Black "kourosh311"]
[Result "1-0"]
[WhiteElo "2383"]
[BlackElo "2430"]
[PlyCount "97"]
[EventDate "2021.??.??"]
[EventType "blitz"]

1. e4 e5 2. Nf3 d5 3. Nxe5 Nf6 4. d4 dxe4 5. Bc4 Be6 6. Bxe6 fxe6 7. Nc3 c5 8.
Be3 cxd4 9. Qxd4 Qxd4 10. Bxd4 Bd6 11. O-O-O O-O 12. h3 a6 13. Rhe1 Rd8 14.
Nxe4 Nxe4 15. Rxe4 Be7 16. Bb6 Rxd1+ 17. Kxd1 Bf6 18. Nc4 Nc6 19. Rxe6 Rc8 20.
Nd6 Rf8 21. c3 Ne5 22. Ke2 Ng6 23. g3 Ne7 24. Ne4 Nd5 25. Nxf6+ Nxf6 26. Bd4
Nd5 27. Rd6 Ne7 28. Rd7 Nf5 29. Rxb7 Re8+ 30. Kd3 Re1 31. Ra7 Rb1 32. b4 g6 33.
Rxa6 Rd1+ 34. Kc4 Rh1 35. h4 Ra1 36. Bc5 h5 37. b5 Rb1 38. Ra7 Rb2 39. b6 g5
40. hxg5 h4 41. gxh4 Nxh4 42. b7 Rxb7 43. Rxb7 Nf5 44. a4 Ng7 45. a5 Ne6 46. a6
Nxg5 47. a7 Ne6 48. a8=R+ Nf8 49. Rxf8# {Normal} 1-0

[Event "Rated Blitz tournament nEmEhrMi"]
[Site "?"]
[Date "2021.07.01"]
[Round "?"]
[White "FinlayBowcott"]
[Black "gmmds2694"]
[Result "0-1"]
[WhiteElo "2390"]
[BlackElo "2610"]
[PlyCount "56"]
[EventDate "2021.??.??"]
[EventType "blitz"]

1. e4 e5 2. Nf3 d5 3. Nxe5 Bd6 4. d4 dxe4 5. Bc4 Bxe5 6. dxe5 Qxd1+ 7. Kxd1 Nc6
8. Bb5 Bd7 9. Bxc6 Bxc6 10. Be3 Ne7 11. Nd2 Ng6 12. Ke2 Nxe5 13. Rad1 O-O-O 14.
Nb3 Bb5+ 15. Ke1 Nc4 16. Nd4 Bd7 17. b3 Nxe3 18. fxe3 c5 19. Ne2 Bc6 20. Kf2
Rhe8 21. Nf4 g6 22. c4 Kc7 23. h4 h6 24. h5 g5 25. Ne2 f5 26. Nc3 f4 27. g3
fxe3+ 28. Kxe3 Rd3+ {Normal} 0-1

[Event "Rated Blitz tournament 9QaWSOQv"]
[Site "?"]
[Date "2021.07.01"]
[Round "?"]
[White "THE_BASTY_KING"]
[Black "FG-Panes111"]
[Result "1-0"]
[WhiteElo "2220"]
[BlackElo "2443"]
[PlyCount "103"]
[EventDate "2021.??.??"]
[EventType "blitz"]

1. e4 e5 2. Nf3 d5 3. exd5 e4 4. Nd4 Qxd5 5. Nb3 Nf6 6. Nc3 Qe5 7. Bc4 Bd6 8.
Qe2 Bg4 9. f3 exf3 10. Qxe5+ Bxe5 11. gxf3 Bxf3 12. Rf1 Bc6 13. d4 Bxh2 14. Bg5
Nbd7 15. O-O-O Nb6 16. Rde1+ Kd7 17. Bxf7 Raf8 18. Be6+ Kd8 19. Nc5 Bd6 20. Bh3
Bxc5 21. dxc5 Nbd7 22. Rd1 h6 23. Bxf6+ Rxf6 24. Rxf6 gxf6 25. b4 a6 26. a4 Rh7
27. b5 axb5 28. axb5 Bf3 29. Rd3 Bh1 30. Bf5 Rf7 31. Nd5 Bxd5 32. Rxd5 Ke8 33.
Bg6 Ne5 34. Bxf7+ Kxf7 35. c6 bxc6 36. bxc6 h5 37. Ra5 h4 38. Ra3 Kg6 39. Ra7
Nxc6 40. Rxc7 Ne5 41. Rc3 f5 42. Kd2 f4 43. Ke2 Kf5 44. Kf2 Kg4 45. Rc8 Ng6 46.
Rg8 Kg5 47. Rxg6+ Kxg6 48. Kf3 Kf5 49. Kg2 Kg4 50. Kf2 f3 51. Kg1 h3 52. Kf1 {
Time forfeit} 1-0

[Event "Rated Blitz game"]
[Site "?"]
[Date "2021.07.01"]
[Round "?"]
[White "jim2600"]
[Black "KinzyabulatovRenat"]
[Result "1-0"]
[WhiteElo "2515"]
[BlackElo "2454"]
[PlyCount "49"]
[EventDate "2021.??.??"]
[EventType "blitz"]

1. e4 e5 2. Nf3 d5 3. Nc3 d4 4. Ne2 Bd6 5. Ng3 Ne7 6. Bc4 O-O 7. d3 c5 8. O-O
Nbc6 9. a4 Be6 10. b3 Bxc4 11. bxc4 Ng6 12. Nf5 Bc7 13. Rb1 Rb8 14. Bg5 f6 15.
Bd2 Ba5 16. h4 Bxd2 17. Qxd2 b6 18. g3 Na5 19. Kg2 Ne7 20. g4 g6 21. Nxe7+ Qxe7
22. h5 Kg7 23. hxg6 hxg6 24. Rh1 Rh8 25. g5 {Time forfeit} 1-0

[Event "Rated Blitz tournament NlZeZFEG"]
[Site "?"]
[Date "2021.07.01"]
[Round "?"]
[White "gumilaragung"]
[Black "om_gendut"]
[Result "0-1"]
[WhiteElo "2235"]
[BlackElo "2449"]
[PlyCount "82"]
[EventDate "2021.??.??"]
[EventType "blitz"]

1. e4 e5 2. Nf3 d5 3. exd5 e4 4. Ng1 Nf6 5. Ne2 Qxd5 6. Nbc3 Qe5 7. Ng3 Bd6 8.
Be2 Nc6 9. b3 h5 10. Bb2 h4 11. Nf1 Qg5 12. Ne3 Bf4 13. Rg1 Bxh2 14. Rh1 Bf4
15. Kf1 Be6 16. b4 Ne5 17. Nb5 Neg4 18. Nd4 Bd7 19. Bxg4 Nxg4 20. Ne2 Be5 21.
Bxe5 Qxe5 22. c3 Qf6 23. Nxg4 Bxg4 24. Qa4+ Bd7 25. b5 O-O-O 26. Qxa7 Bxb5 27.
Rb1 Ba6 28. c4 h3 29. Rxh3 Rxh3 30. gxh3 Rxd2 31. Re1 Qf3 32. Kg1 Rxe2 33. Rxe2
Qxe2 34. Qc5 Qxc4 35. Qf8+ Kd7 36. Qxg7 Qf1+ 37. Kh2 Qxf2+ 38. Kh1 Be2 39. Qf6
Bf3+ 40. Qxf3 exf3 41. h4 Qg2# {Normal} 0-1

[Event "Rated Blitz tournament N1TvfDOd"]
[Site "?"]
[Date "2021.07.01"]
[Round "?"]
[White "iaraldinho"]
[Black "dr_xStranger"]
[Result "0-1"]
[WhiteElo "2394"]
[BlackElo "2439"]
[PlyCount "80"]
[EventDate "2021.??.??"]
[EventType "blitz"]

1. e4 e5 2. Nf3 d5 3. exd5 e4 4. Nd4 Qxd5 5. Nb3 Bd6 6. Nc3 Qe5 7. Be2 Nf6 8.
d4 exd3 9. Qxd3 Nc6 10. a3 Bf5 11. Qb5 O-O-O 12. Qxe5 Bxe5 13. Be3 Bxc2 14. Nc5
Nd4 15. Rc1 Bg6 16. Nb5 Nxb5 17. Bxb5 Bxb2 18. Rd1 Rxd1+ 19. Kxd1 a6 20. Bc4
Bxa3 21. Ke2 Bxc5 22. Bxc5 Re8+ 23. Kf3 Ne4 24. Be3 Nd6 25. Bb3 b5 26. Rc1 Nc4
27. Bxc4 bxc4 28. Rxc4 Re6 29. Bf4 c6 30. Rb4 f6 31. Rb8+ Kd7 32. Ra8 c5 33.
Ra7+ Ke8 34. Be3 c4 35. Rxg7 Rc6 36. Bc1 c3 37. Ke3 c2 38. f4 Rd6 39. Rc7 Rd1
40. Ba3 Rd3+ {Normal} 0-1